<?xml version="1.0" encoding="UTF-8"?><?xml-stylesheet type="text/xsl" href="static/style.xsl"?><OAI-PMH xmlns="http://www.openarchives.org/OAI/2.0/" xmlns:xsi="http://www.w3.org/2001/XMLSchema-instance" xsi:schemaLocation="http://www.openarchives.org/OAI/2.0/ http://www.openarchives.org/OAI/2.0/OAI-PMH.xsd"><responseDate>2026-04-13T04:57:23Z</responseDate><request verb="GetRecord" identifier="oai:www.recercat.cat:2099.1/13612" metadataPrefix="marc">https://recercat.cat/oai/request</request><GetRecord><record><header><identifier>oai:recercat.cat:2099.1/13612</identifier><datestamp>2025-07-22T19:45:10Z</datestamp><setSpec>com_2072_1033</setSpec><setSpec>col_2072_452951</setSpec></header><metadata><record xmlns="http://www.loc.gov/MARC21/slim" xmlns:dcterms="http://purl.org/dc/terms/" xmlns:xsi="http://www.w3.org/2001/XMLSchema-instance" xmlns:doc="http://www.lyncode.com/xoai" xsi:schemaLocation="http://www.loc.gov/MARC21/slim http://www.loc.gov/standards/marcxml/schema/MARC21slim.xsd">
   <leader>00925njm 22002777a 4500</leader>
   <datafield ind2=" " ind1=" " tag="042">
      <subfield code="a">dc</subfield>
   </datafield>
   <datafield ind2=" " ind1=" " tag="720">
      <subfield code="a">Villa Ureña, José</subfield>
      <subfield code="e">author</subfield>
   </datafield>
   <datafield ind2=" " ind1=" " tag="260">
      <subfield code="c">2011-11-18</subfield>
   </datafield>
   <datafield ind2=" " ind1=" " tag="520">
      <subfield code="a">This document specifies the design of a rangefinder to measure distances based on a PSOC (Programmable System-on-Chip) device of Cypress for two environmental applications:&#xd;
• Optimization of the addiction to the amount of product for the protection&#xd;
of plants during the growing season&#xd;
• Water level control for irrigation canals or water tanks&#xd;
The detection range is between 0.15 m and 1 m obtained through ultrasonic sensors, MA40B8S and MA40B8R, from Murata.&#xd;
Evaluation kit CY8CKIT-014 has been used in the the which contains PSoC CY8C5588AXI, both from Cypress, the last one is the most important component of the master, because on this device is set up, through PSoC&#xd;
Creator application, all the functions and objectives of the master.&#xd;
Giving more freedom in locating the rangefinder, it has been designed two&#xd;
prototypes: one which is the own rangefinder and another which receive the distance data, through wireless communication with AWP24S device from Artaflex, and send to a PC. Both designs are autonomous power supply through 9 V lithium batteries.&#xd;
Finally, it is implemented an application in LabView to represent graphically and store data in PC.</subfield>
   </datafield>
   <datafield tag="653" ind2=" " ind1=" ">
      <subfield code="a">Àrees temàtiques de la UPC::Desenvolupament humà i sostenible::Medi ambient</subfield>
   </datafield>
   <datafield tag="653" ind2=" " ind1=" ">
      <subfield code="a">Àrees temàtiques de la UPC::Enginyeria de la telecomunicació::Telemàtica i xarxes d'ordinadors::Xarxes d'àrea local</subfield>
   </datafield>
   <datafield tag="653" ind2=" " ind1=" ">
      <subfield code="a">Systems on a chip--Design and construction</subfield>
   </datafield>
   <datafield tag="653" ind2=" " ind1=" ">
      <subfield code="a">Plants, Protection of</subfield>
   </datafield>
   <datafield tag="653" ind2=" " ind1=" ">
      <subfield code="a">Wireless communication systems</subfield>
   </datafield>
   <datafield tag="653" ind2=" " ind1=" ">
      <subfield code="a">Acceso on-line</subfield>
   </datafield>
   <datafield tag="653" ind2=" " ind1=" ">
      <subfield code="a">Control remoto</subfield>
   </datafield>
   <datafield tag="653" ind2=" " ind1=" ">
      <subfield code="a">PSOC</subfield>
   </datafield>
   <datafield tag="653" ind2=" " ind1=" ">
      <subfield code="a">Comunicacions mòbils, Sistemes de</subfield>
   </datafield>
   <datafield tag="653" ind2=" " ind1=" ">
      <subfield code="a">Plantes -- Protecció -- Aparells i accessoris</subfield>
   </datafield>
   <datafield ind2="0" ind1="0" tag="245">
      <subfield code="a">Autonomous rangefinder system based on PSOC</subfield>
   </datafield>
</record></metadata></record></GetRecord></OAI-PMH>